00925nam a2200229 a 450000100060000000300080000600500170001400800390003103500190007004000420008904100080013108200200013924501360015926000400029530000340033550001250036950400200049465000400051470000180055471000470057271000760061915977BD-RjUL20211208235927.0140211t1962 nyua 101 0 eng a(BD-RjUL)16032 aDLCcWSUdSERdm.cdSERdBD-RjULbeng aeng04a658.1bORG 196200aOrganization theory in industrial practice :ba symposium of the Foundation for Research on Human Behavior /cEdited by Mason Haire aNew York ;aLondon :bWiley,cc1962 ax, 173 p. :bdiagrs ;c24 cm. a"One of a series of books from the research program of the Institute of Industrial Relations, University of California." aIncludes index. 0aIndustrial organizationxCongresses1 aHaire, Mason.2 aFoundation for Research on Human Behavior.2 aUniversity of California, Berkeley.bInstitute of Industrial Relations.